Los Angeles Angels 2025 Roster - Statistics

General Stats
  • This quiz has been taken 32 times
  • The average score is 14 of 35
Answer Stats
Jersey # Pos Player % Correct
27 RF Mike Trout
100%
9 SS Zach Neto
89%
7 CF Jo Adell
84%
14 C Logan O'Hoppe
79%
6 3B Anthony Rendon
74%
3 LF Taylor Ward
74%
18 1B Nolan Schanuel
68%
16 P Yusei Kikuchi
68%
5 3B Yoan Moncada
63%
12 RF Jorge Soler
58%
59 P Jose Soriano
58%
74 BP Kenley Jansen
58%
2 3B Luis Rengifo
58%
25 C Travis d'Arnaud
58%
48 BP Reid Detmers
53%
31 P Tyler Anderson
47%
22 CF Bryce Teodosio
42%
33 CF Chris Taylor
32%
28 P Kyle Hendricks
32%
15 LF Matthew Lugo
26%
10 3B Oswald Peraza
26%
24 BP Robert Stephenson
26%
56 BP Ryan Zeferjahn
26%
51 RF Gustavo Campero
21%
68 BP Jose Fermin
21%
39 BP Andrew Chafin
16%
46 BP Brock Burke
16%
58 P Victor Mederos
16%
60 BP Hunter Strickland
11%
54 BP Jose Urena
11%
49 BP Carson Fulmer
5%
21 1B Logan Davidson
5%
66 BP Luis Garcia
5%
70 BP Mitch Farris
0%
13 2B Scott Kingery
0%
No matching quizzes found
Score Distribution
Percent of People with Each Score
Percentile by Number Answered
Your Score History
You have not taken this quiz